| 000 | 00888cam a22002411i 4500 | ||
|---|---|---|---|
| 003 | SA-RiAUC | ||
| 005 | 20241223082221.0 | ||
| 008 | 241217s1971 ua g 00000 ara c | ||
| 040 |
_aSA-RiAUC _bara _cSA-RiAUC _erda |
||
| 082 | 0 | 4 |
_a330.121 _qSA-RiAUC |
| 090 |
_a330.121 _bم ص ر |
||
| 100 | 1 |
_aالمصري، عبد السميع _eمؤلف. |
|
| 245 | 1 | 0 |
_aنظرية الإسلام الاقتصادية / _cعبد السميع المصري. |
| 264 | 1 |
_aالقاهرة : _bمكتبة الأنجلو المصرية، _c1971 |
|
| 300 |
_a246 صفحة ؛ _c24 سم |
||
| 336 |
_aنص _btxt _2rdacontent _3كتاب |
||
| 337 |
_aبدون وسيط _bn _2rdamedia |
||
| 338 |
_aمجلد _bnc _2rdacarrier |
||
| 650 | 7 |
_aالإسلام والاقتصاد _2aucsh |
|
| 650 | 7 |
_aالاقتصاد الإسلامي _2aucsh |
|
| 942 |
_2ddc _cBOOK _n0 |
||
| 949 |
_aSA-JeALM _d241217 _umohamedma123 _n1 |
||
| 999 |
_c3825 _d3825 |
||